000 00336 a2200145 4500
001 152888
040 _cEscola São Tomás de Aquino
100 _aFERREIRA, Gustavo Luiz
240 1 0 _aO lobo Maurinho
_lpor
245 1 0 _aO lobo Maurinho
362 0 _a2011
440 1 _aMelhoramentos
697 _a*LITERATURA INFANTIL
942 _cBK
999 _c152888
_d152888